Biggest Trading Partners - United Arab Emirates - Statistics

General Stats
  • This quiz has been taken 35 times
  • The average score is 27 of 30
Answer Stats
Exports Country % Correct
0.95 bil China
100%
16.82 bil China
100%
14.95 bil India
100%
16.31 bil India
100%
2.70 bil Iraq
100%
1.46 bil Japan
100%
11.35 bil Japan
100%
1.26 bil Oman
100%
7.18 bil United Kingdom
100%
0.97 bil United States
100%
11.75 bil United States
100%
3.47 bil France
97%
6.19 bil Iran
97%
1.29 bil Saudi Arabia
97%
4.22 bil Saudi Arabia
97%
0.77 bil Egypt
94%
9.63 bil Germany
94%
0.65 bil Italy
94%
5.49 bil Italy
94%
0.89 bil Kuwait
94%
0.61 bil Pakistan
94%
3.99 bil South Korea
94%
7.26 bil Turkey
94%
2.84 bil Qatar
81%
1.25 bil Belgium
75%
2.40 bil Belgium
75%
3.31 bil Malaysia
75%
2.71 bil Switzerland
69%
5.48 bil Switzerland
69%
3.30 bil South Africa
59%
No matching quizzes found
Score Distribution
Percent of People with Each Score
Percentile by Number Answered
Your Score History
You have not taken this quiz